000 01167cam a2200325 i 4500
001 17599713
003 OSt
005 20150408114153.0
008 130123s2013 njua b 001 0 eng
010 _a 2012041460
020 _a9780321885951
020 _a0321885953
040 _aDLC
_beng
_cDLC
_dDLC
_erda
042 _apcc
050 0 0 _aQA76.758
_b.J334 2013
082 0 0 _a005.1
_223
_bJIE
100 1 _aJacobson, Ivar.
_936415
245 1 4 _aThe essence of software engineering :
_bapplying the SEMAT kernel /
_cIvar Jacobson, Pan-Wei Ng, Paul E. McMahon, Ian Spence, Svante Lidman.
246 3 0 _aApplying the SEMAT kernel
300 _axliii, 300 pages :
_billustrations ;
_c24 cm
504 _aIncludes bibliographical references (pages 267-270) and index.
650 0 _aSoftware engineering.
700 1 _aNg, Pan-Wei,
_d1969-
_940169
700 1 _aMcMahon, Paul E.,
_d1949-
_940170
700 1 _aSpence, Ian,
_d1961-
_940171
700 1 _aLidman, Svante.
_940172
906 _a7
_bcbc
_corignew
_d1
_eecip
_f20
_gy-gencatlg
942 _2ddc
_cDVD
999 _c32212
_d266712